Places with Elements Named After Them - Statistics

General Stats
  • This quiz has been taken 68 times
    62 since last reset
  • The average score is 11 of 26
Answer Stats
Answer Element % Correct
Continent The Americas (Possible the United States) Americium
94%
Country France Francium, Gallium
91%
State California Californium
89%
Country Germany Germanium
80%
Country Poland Polonium
77%
Continent Europe Europium
71%
City Berkeley, CA Berkelium
57%
City Moscow Moscovium
54%
City Darmstadt, Germany Darmstadtium
46%
Country Japan Nihonium
43%
City Paris Lutetium
43%
State Tennessee Tennessine
43%
Region Ruthenia (Russia) Ruthenium
37%
City Stockholm Holmium
37%
Laboratory Lawrence Livermore National Laboratory Livermorium
31%
Region Scandinavia Scandium
31%
City Ytterby, Sweden Erbium, Terbium, Ytterbium, Yttrium
29%
City Copenhagen Hafnium
23%
State Hesse, Germany Hassium
23%
Country Cyprus Copper
20%
Laboratory Flerov Laboratory of Nuclear Reactions Flerovium
17%
Region The Rhine Region Rhenium
17%
City Dubna, Russia Dubnium
14%
Region Magnesia, Greece Magnesium, Manganese
14%
City Strontian, Scotland Strontium
11%
Region Thule Thulium
11%
No matching quizzes found
Score Distribution
Percent of People with Each Score
Percentile by Number Answered
Your Score History
You have not taken this quiz since the last reset